| 000 -LEADER | |
|---|---|
| fixed length control field | 00833cam a2200277 i 4500 |
| 001 - CONTROL NUMBER | |
| control field | 18025513 |
| 003 - CONTROL NUMBER IDENTIFIER | |
| control field | OSt |
| 005 - DATE AND TIME OF LATEST TRANSACTION | |
| control field | 20250420134811.0 |
| 008 - FIXED-LENGTH DATA ELEMENTS--GENERAL INFORMATION | |
| fixed length control field | 140131s2015 nyu 001 0 eng |
| 010 ## - LIBRARY OF CONGRESS CONTROL NUMBER | |
| LC control number | 2014002227 |
| 020 ## - INTERNATIONAL STANDARD BOOK NUMBER | |
| International Standard Book Number | 9780415818056 (pbk. : alk. paper) |
| 040 ## - CATALOGING SOURCE | |
| Original cataloging agency | DLC |
| Language of cataloging | eng |
| Description conventions | rda |
| Transcribing agency | KCST |
| 042 ## - AUTHENTICATION CODE | |
| Authentication code | pcc |
| 050 00 - LIBRARY OF CONGRESS CALL NUMBER | |
| Classification number | QA76.73.P224 |
| Item number | P37 2015 |
| 082 00 - DEWEY DECIMAL CLASSIFICATION NUMBER | |
| Classification number | 006.76 |
| Edition information | 23 |
| 100 1# - MAIN ENTRY--PERSONAL NAME | |
| Personal name | Paper, David. |
| 9 (RLIN) | 4563 |
| 245 10 - TITLE STATEMENT | |
| Title | Web programming for business : |
| Remainder of title | PHP object-oriented programming with Oracle / |
| Statement of responsibility, etc. | David Paper. |
| 260 ## - PUBLICATION, DISTRIBUTION, ETC. | |
| Place of publication, distribution, etc. | New York : |
| Name of publisher, distributor, etc. | Routledge Taylor & Francis Group, |
| Date of publication, distribution, etc. | 2015. |
| 300 ## - PHYSICAL DESCRIPTION | |
| Extent | xv, 263 pages ; |
| Dimensions | 26 cm |
| 500 ## - GENERAL NOTE | |
| General note | Includes index. |
| 630 00 - SUBJECT ADDED ENTRY--UNIFORM TITLE | |
| Uniform title | Oracle (Computer file) |
| 9 (RLIN) | 4565 |
| 650 #0 - SUBJECT ADDED ENTRY--TOPICAL TERM | |
| Topical term or geographic name entry element | PHP (Computer program language) |
| 9 (RLIN) | 4564 |
| 650 #0 - SUBJECT ADDED ENTRY--TOPICAL TERM | |
| Topical term or geographic name entry element | Web sites |
| General subdivision | Design. |
| 9 (RLIN) | 876 |
| 942 ## - ADDED ENTRY ELEMENTS (KOHA) | |
| Koha item type | Book |
| 942 ## - ADDED ENTRY ELEMENTS (KOHA) | |
| Source of classification or shelving scheme | Dewey Decimal Classification |
| Withdrawn status | Lost status | Source of classification or shelving scheme | Damaged status | Not for loan | Home library | Current library | Date acquired | Cost, normal purchase price | Total checkouts | Full call number | Barcode | Date last seen | Price effective from | Koha item type |
|---|---|---|---|---|---|---|---|---|---|---|---|---|---|---|
| Dewey Decimal Classification | KCST Library | KCST Library | 01/07/2020 | 13.11 | 006.76 Pa We | 1000000594 | 01/07/2020 | 01/07/2020 | Book |